Statistics for All 1M+ Cities in South America on a Map

Click here to take the quiz!

General Stats

  • This quiz has been taken 800 times
  • The average score is 24 of 33

Answers on the Map

Answers color-coded by a green-red scale on the quiz's map according to % correct below.
 

Answer Stats

PopulationCity% Correct
7,862,277Bogotá
99%
3,054,267Buenos Aires
99%
8,894,412Lima
99%
5,507,282Santiago
99%
3,289,886Caracas
98%
6,476,631Rio de Janeiro
98%
12,038,175São Paulo
98%
2,551,721Quito
97%
2,914,830Brasília
95%
1,379,560Montevideo
94%
2,434,647Medellín
90%
2,502,557Belo Horizonte
87%
2,057,711Manaus
87%
1,617,183Recife
84%
2,591,188Fortaleza
83%
2,589,229Guayaquil
83%
1,476,867Porto Alegre
83%
2,921,087Salvador
83%
2,333,203Cali
82%
1,414,201Córdoba
78%
1,439,561Belém
76%
1,214,253Barranquilla
73%
1,653,211Maracaibo
72%
1,879,355Curitiba
70%
1,614,224Santa Cruz de la Sierra
69%
1,164,098Campinas
55%
1,073,893São Luís
53%
1,430,697Goiânia
50%
1,116,182Barquisimeto
33%
1,013,773Maceió
27%
1,010,315Callao
22%
1,324,781Guarulhos
19%
1,038,081São Gonçalo
15%

Score Distribution

Percentile by Number Answered

Percent of People with Each Score

Your Score History

You have not taken this quiz